000 00632nam a2200205 a 4500
001 000040539
005 20201002034211.0
008 130830s2012 sp a 000 0 spa d
020 _a9788420678740
040 _aDO-SdBNP
_bspa
_cBNPHU
082 _axxxx
_bxxxx
100 1 _aArnheim, Rudolf
_966855
245 1 0 _aArte y percepción visual /
_cRudolf Arnheim ; traducción María Luisa Balseiro.
250 _a2a ed.
260 _aMadrid, :
_bAlianza Forma,
_c2012.
300 _a514 p. :
_bil. ;
_c23 cm.
500 _aIncluye índice analítico
504 _aBibliografía : p. 493-508
700 1 _aBalserio, Luisa,
_ctr.
_966856
999 _c40029
_d40029